<?xml version="1.0" encoding="UTF-8"?><?xml-stylesheet type="text/xsl" href="static/style.xsl"?><OAI-PMH xmlns="http://www.openarchives.org/OAI/2.0/" xmlns:xsi="http://www.w3.org/2001/XMLSchema-instance" xsi:schemaLocation="http://www.openarchives.org/OAI/2.0/ http://www.openarchives.org/OAI/2.0/OAI-PMH.xsd"><responseDate>2026-04-30T04:59:46Z</responseDate><request verb="GetRecord" identifier="oai:uvadoc.uva.es:10324/501" metadataPrefix="marc">https://uvadoc.uva.es/oai/request</request><GetRecord><record><header><identifier>oai:uvadoc.uva.es:10324/501</identifier><datestamp>2021-06-22T03:53:42Z</datestamp><setSpec>com_10324_150</setSpec><setSpec>col_10324_151</setSpec></header><metadata><record xmlns="http://www.loc.gov/MARC21/slim" xmlns:doc="http://www.lyncode.com/xoai" xmlns:xsi="http://www.w3.org/2001/XMLSchema-instance" xmlns:dcterms="http://purl.org/dc/terms/" xsi:schemaLocation="http://www.loc.gov/MARC21/slim http://www.loc.gov/standards/marcxml/schema/MARC21slim.xsd">
<leader>00925njm 22002777a 4500</leader>
<datafield tag="042" ind1=" " ind2=" ">
<subfield code="a">dc</subfield>
</datafield>
<datafield tag="720" ind1=" " ind2=" ">
<subfield code="a">Olmeda y Aguilar, Gabriel de</subfield>
<subfield code="e">author</subfield>
</datafield>
<datafield tag="260" ind1=" " ind2=" ">
<subfield code="c">1741</subfield>
</datafield>
<datafield tag="024" ind2=" " ind1="8">
<subfield code="a">Alonso-Cortés, 343</subfield>
</datafield>
<datafield tag="024" ind2=" " ind1="8">
<subfield code="a">Rivera, 308</subfield>
</datafield>
<datafield tag="024" ind2=" " ind1="8">
<subfield code="a">Olim., 62 bis.</subfield>
</datafield>
<datafield tag="024" ind2=" " ind1="8">
<subfield code="a">http://uvadoc.uva.es/handle/10324/501</subfield>
</datafield>
<datafield tag="024" ind2=" " ind1="8">
<subfield code="a">U/Bc Ms 343</subfield>
</datafield>
<datafield ind1=" " ind2=" " tag="653">
<subfield code="a">Patronato Real-España-Siglo XVIII-Fuentes</subfield>
</datafield>
<datafield tag="245" ind1="0" ind2="0">
<subfield code="a">Apuntamiento o Instruccion de los fundamentos de hecho y de derecho con que los Señ[or]es Reyes de España y sus Tribunales han conocido de tiempo inmemorial de todas las causas y negocios de el [sic] R[ea]l Patronato, cuya jurisdiccion oy reside en el Supremo Consejo de la Camara ... Escribe Dn. Gabriel de Olmeda y Aguilar de el [sic] Consejo de S. M. en el Supremo de Castilla y su fiscal de el [sic] R[ea]l Patronato en el de Camara [Manuscrito]</subfield>
</datafield>
</record></metadata></record></GetRecord></OAI-PMH>